Právo na vlastníctvo podľa Európskej konvencie ľudských práv a východný blok
Ochrana práva na vlastníctvo podľa Európskej konvencie ľudských práv (EKĽP). Právo na vlastníctvo. Význam pojmu "majetok". Zbavenie majetku. Obmedzovanie užívania majetku. Právo na kompenzáciu. Podriadenosť podmienkam daným zákonom. Vyvlastnenie a pretrvávajúce porušenia Protokolu čl.1 EKĽP.
Enregistré dans:
| Auteur principal: | |
|---|---|
| Format: | Chapitre de livre |
| Langue: | slovaque |
| Sujets: | |
| Tags: |
Pas de tags, Soyez le premier à ajouter un tag!
|
MARC
| LEADER | 00000naa a2200000 4500 | ||
|---|---|---|---|
| 001 | r019673 | ||
| 005 | 20221205102610.2 | ||
| 041 | 0 | |a slo | |
| 044 | |a SK | ||
| 245 | 1 | 0 | |a Právo na vlastníctvo podľa Európskej konvencie ľudských práv a východný blok |c Ch. Marquand |
| 520 | |a Ochrana práva na vlastníctvo podľa Európskej konvencie ľudských práv (EKĽP). Právo na vlastníctvo. Význam pojmu "majetok". Zbavenie majetku. Obmedzovanie užívania majetku. Právo na kompenzáciu. Podriadenosť podmienkam daným zákonom. Vyvlastnenie a pretrvávajúce porušenia Protokolu čl.1 EKĽP. | ||
| 610 | 2 | 0 | |a vlastníctvo |
| 610 | 2 | 0 | |a právo vlastnícke |
| 610 | 2 | 0 | |a vyvlastnenie |
| 610 | 2 | 0 | |a ochrana právna |
| 610 | 2 | 0 | |a Európska konvencia ľudských práv |
| 610 | 2 | 0 | |a práva ľudské |
| 610 | 2 | 0 | |a východná Európa |
| 100 | 1 | |a Marquand, Ch. | |